Catálogo
Digital

Catálogo
Digital

Situación laboral y aporte económico de inmigrantes en el centro/sur de Quito-Ecuador (Record no. 14358)

MARC details
000 -CABECERA
campo de control de longitud fija 00894nam a2200253 4500
003 - IDENTIFICADOR DEL NÚMERO DE CONTROL
campo de control EC-UNACH
005 - FECHA Y HORA DE LA ÚLTIMA TRANSACCIÓN
campo de control 20260211154236.0
006 - CÓDIGOS DE INFORMACIÓN DE LONGITUD FIJA--CARACTERÍSTICAS DEL MATERIAL ADICIONAL
campo de control de longitud fija s||||gr|||| 00| 00
008 - DATOS DE LONGITUD FIJA--INFORMACIÓN GENERAL
campo de control de longitud fija 150116t9999 mx r gr 000 0 spa d
020 ## - NÚMERO INTERNACIONAL ESTÁNDAR DEL LIBRO
Número Internacional Estándar del Libro .
040 ## - FUENTE DE LA CATALOGACIÓN
Centro catalogador/agencia de origen EC-UNACH
Centro/agencia transcriptor EC-UNACH
041 ## - CÓDIGO DE LENGUA
Código de lengua del texto/banda sonora o título independiente spa
082 04 - NÚMERO DE LA CLASIFICACIÓN DECIMAL DEWEY
Número de edición 23
Número de clasificación 331.62
Número de documento/Ítem L018606
100 ## - ENTRADA PRINCIPAL--NOMBRE DE PERSONA
Nombre de persona Célleri, Daniela
245 ## - MENCIÓN DE TÍTULO
Título Situación laboral y aporte económico de inmigrantes en el centro/sur de Quito-Ecuador
250 ## - MENCIÓN DE EDICIÓN
Mención de edición Octubre 2020 No. 16
264 ## - Producción, publicación, distribución, fabricación y copyright
Lugar de producción, publicación, distribución, fabricación Quito
Nombre del de productor, editor, distribuidor, fabricante Rosa Luxemburg Stiftung
Fecha de de producción, publicación, distribución, fabricación o copyright 2020
300 ## - DESCRIPCIÓN FÍSICA
Extensión 22 páginas
505 ## - NOTA DE CONTENIDO CON FORMATO
Nota de contenido con formato Introducción -- Aproximación teórica y metodológica -- Características generales de inmigrantes en Quito -- Razones para salir del país de origen -- Atención de salud
942 ## - ELEMENTOS DE PUNTO DE ACCESO ADICIONAL (KOHA)
Fuente del sistema de clasificación o colocación Clasificación Decimal Dewey
Tipo de ítem Koha Libros
999 ## - NÚMEROS DE CONTROL DE SISTEMA (KOHA)
Koha biblionumber 14358
Holdings
Estado de pérdida Fuente del sistema de clasificación o colocación Estado dañado No para préstamo Localización permanente Ubicación/localización actual Ubicación en estantería Fecha de adquisición Fuente de adquisición Número de inventario Total de préstamos Signatura topográfica completa Código de barras Fecha visto por última vez Número de copia Precio válido a partir de Tipo de ítem Koha Centro de costos
  Clasificación Decimal Dewey     Biblioteca Campus Sur Biblioteca Campus Sur Pedagogía de la Historia y las Ciencias Sociales 11/02/2026 Donación ITB-001-2026 40956809   331.62 CEL L018606 L018606 11/02/2026 Ejemplar: 01 11/02/2026 Libros  

Powered by Koha